Macaulay's essays on Milton and Addison,/ (Record no. 85038)
[ view plain ]
| 000 -LEADER | |
|---|---|
| fixed length control field | 00763cam a2200241u 4500 |
| 001 - CONTROL NUMBER | |
| control field | 85038 |
| 003 - CONTROL NUMBER IDENTIFIER | |
| rucl marc code | BD-RjUL |
| 005 - DATE AND TIME OF LATEST TRANSACTION | |
| control field | 20250624102505.0 |
| 008 - FIXED-LENGTH DATA ELEMENTS--GENERAL INFORMATION | |
| fixed length control field | 250623s1920 ilu 000 0ceng |
| 035 ## - SYSTEM CONTROL NUMBER | |
| System control number | (BD-RjUL) 85038 |
| 040 ## - CATALOGING SOURCE | |
| Original cataloging agency | DLC |
| Transcribing agency | CarP |
| Modifying agency | DLC |
| Language of cataloging | eng |
| 041 ## - LANGUAGE CODE | |
| Language code of text/sound track or separate title | eng |
| 082 ## - DEWEY DECIMAL CLASSIFICATION NUMBER | |
| Edition number | 21 |
| Classification number | 828.809 |
| Author mark and year | MAC 1920 |
| 100 1# - MAIN ENTRY--PERSONAL NAME | |
| Personal name | Macaulay, Thomas Babington Macaulay, |
| Dates associated with a name | 1800-1859. |
| 9 (RLIN) | 15752 |
| 245 00 - TITLE STATEMENT | |
| Title | Macaulay's essays on Milton and Addison,/ |
| Statement of responsibility, etc. | edited by A.R. Weekes |
| 260 ## - PUBLICATION, DISTRIBUTION, ETC. (IMPRINT) | |
| Place of publication, distribution, etc. | London : |
| Name of publisher, distributor, etc. | University Tutorial press, |
| Date of publication, distribution, etc. | 1920 |
| 300 ## - PHYSICAL DESCRIPTION | |
| Pagination | 123 p.; |
| Size | 17 cm. |
| 600 10 - SUBJECT ADDED ENTRY--PERSONAL NAME | |
| Personal name | Milton, John, |
| Dates associated with a name | 1608-1674. |
| Personal name | Addison, Joseph, |
| Dates associated with a name | 1672-1719. |
| 700 ## - ADDED ENTRY--PERSONAL NAME | |
| Personal name | Weekes, A.R. |
| 942 ## - ADDED ENTRY ELEMENTS (KOHA) | |
| Source of classification or shelving scheme | Dewey Decimal Classification |
| Koha item type | Books |
| Lost status | Source of classification or shelving scheme | Damaged status | Not for loan | Collection code | Permanent Location | Current Location | Shelving location | Date acquired | Source of acquisition | Total Checkouts | Full call number | Date last seen | Copy number | Koha item type |
|---|---|---|---|---|---|---|---|---|---|---|---|---|---|---|
| Dewey Decimal Classification | Not For Loan | Non-fiction | Central Library, University of Rajshahi | Central Library, University of Rajshahi | Reading Room | A.B.C | 828.809 MAC 1920 | 24/06/2025 | C-1 | Books |